| 000 -LEADER |
| fixed length control field |
00555nam a22002057a 4500 |
| 005 - DATE AND TIME OF LATEST TRANSACTION |
| control field |
20210423062510.0 |
| 008 - FIXED-LENGTH DATA ELEMENTS--GENERAL INFORMATION |
| fixed length control field |
210219b1998 ||||| |||| 00| 0 eng d |
| 020 ## - INTERNATIONAL STANDARD BOOK NUMBER |
| International Standard Book Number |
053600823 |
| 040 ## - CATALOGING SOURCE |
| Transcribing agency |
DLC |
| 041 ## - LANGUAGE CODE |
| Language code of text/sound track or separate title |
eng |
| 080 ## - UNIVERSAL DECIMAL CLASSIFICATION NUMBER |
| Universal Decimal Classification number |
336 |
| Item number |
K-17 |
| 100 ## - MAIN ENTRY--PERSONAL NAME |
| 9 (RLIN) |
994 |
| Personal name |
Kale.Jayant R |
| 245 ## - TITLE STATEMENT |
| Title |
Lectures in corporate finance |
| 260 ## - PUBLICATION, DISTRIBUTION, ETC. |
| Place of publication, distribution, etc. |
Unaited states of amerika |
| Name of publisher, distributor, etc. |
Simon & schuster custom publishing |
| Date of publication, distribution, etc. |
1998 |
| 300 ## - PHYSICAL DESCRIPTION |
| Extent |
378 p.: |
| 650 #0 - SUBJECT ADDED ENTRY--TOPICAL TERM |
| 9 (RLIN) |
454 |
| Topical term or geographic name entry element |
Finances |
| 653 ## - INDEX TERM--UNCONTROLLED |
| Uncontrolled term |
ფინანსები |
| 700 ## - ADDED ENTRY--PERSONAL NAME |
| 9 (RLIN) |
997 |
| Personal name |
Fendler.Richard J |
| 942 ## - ADDED ENTRY ELEMENTS (KOHA) |
| Source of classification or shelving scheme |
|
| Koha item type |
Books |